Технология решения инженерных задач: методические указания по использованию информационных ресурсов INTERNET при решении инженерных задач для студентов специальности 210100 "Управление и информатика в технических системах" и стулентов специальности 220100 "Вычислительная техника"
| Autor corporatiu: | |
|---|---|
| Altres autors: | , |
| Sumari: | Заглавие с титульного экрана Электронная версия печатной публикации AM_Library_network |
| Idioma: | rus |
| Publicat: |
Томск, Изд-во ТПУ, 2003
|
| Matèries: | |
| Accés en línia: | http://www.lib.tpu.ru/fulltext3/mv/2007/mv81.pdf |
| Format: | MixedMaterials Electrònic Llibre |
| KOHA link: | https://koha.lib.tpu.ru/cgi-bin/koha/opac-detail.pl?biblionumber=115923 |
MARC
| LEADER | 00000nam0a2200000 4500 | ||
|---|---|---|---|
| 001 | 115923 | ||
| 005 | 20260414144208.0 | ||
| 035 | |a (RuTPU)RU\TPU\book\125427 | ||
| 090 | |a 115923 | ||
| 100 | |a 20070516d2003 k y0rusy50 ca | ||
| 101 | 0 | |a rus | |
| 102 | |a RU | ||
| 105 | |a y j 000zy | ||
| 135 | |a vrcn ---uucaa | ||
| 181 | 0 | |a i |b e | |
| 182 | 0 | |a b | |
| 183 | |a cr |2 RDAcarrier | ||
| 200 | 1 | |a Технология решения инженерных задач |e методические указания по использованию информационных ресурсов INTERNET при решении инженерных задач для студентов специальности 210100 "Управление и информатика в технических системах" и стулентов специальности 220100 "Вычислительная техника" |f Томский политехнический университет; сост. Е. И. Гольдштейн; П. Ф. Коробко | |
| 203 | |a Текст |c электронный |b визуальный | ||
| 210 | |a Томск |c Изд-во ТПУ |d 2003 | ||
| 283 | |a online_resource |2 RDAcarrier | ||
| 300 | |a Заглавие с титульного экрана | ||
| 300 | |a Электронная версия печатной публикации | ||
| 371 | 0 | |a AM_Library_network | |
| 452 | 1 | |0 (RuTPU)RU\TPU\book\79730 |t Технология решения инженерных задач |o Методические указания по использованию информационных ресурсов INTERNET при решении инженерных задач для студентов специальности 210100 "Управление и информатика в технических системах" и стулентов специальности 220100 "Вычислительная техника" |f Томский политехнический университет; Сост. Е. И. Гольдштейн, П. Ф. Коробко |c Томск |n Изд-во ТПУ |d 2003 |p 21 с. | |
| 610 | 1 | |a компьютерные сети | |
| 610 | 1 | |a Интернет | |
| 610 | 1 | |a информационные ресурсы | |
| 610 | 1 | |a инженерные задачи | |
| 610 | 1 | |a решение | |
| 610 | 1 | |a методические указания | |
| 610 | 1 | |a учебные пособия | |
| 610 | 1 | |a труды учёных ТПУ | |
| 610 | 1 | |a электронный ресурс | |
| 675 | |a 681.324(076.5) |v 3 | ||
| 702 | 1 | |a Гольдштейн |b Е. И. |c специалист в области электроэнергетики |c доцент Томского политехнического университета |f 1929- |g Ефрем Иосифович |4 220 |9 11307 | |
| 702 | 1 | |a Коробко |b П. Ф. |c специалист в области электроэнергетики |c доцент Томского политехнического университета, кандидат технических наук |f 1939- |g Петр Федорович |4 220 |9 13973 | |
| 712 | 0 | 2 | |a Томский политехнический университет |
| 801 | 1 | |a RU |b 63413507 |c 20070516 |g PSBO | |
| 801 | 2 | |a RU |b 63413507 |c 20070525 |g PSBO | |
| 856 | 4 | 0 | |u http://www.lib.tpu.ru/fulltext3/mv/2007/mv81.pdf |z http://www.lib.tpu.ru/fulltext3/mv/2007/mv81.pdf |
| 942 | |c CF | ||